000 00737nam a22002657a 4500
003 UA-OsUOA
001 59692
007 ta
008 20090414b un ||||| |||| 00| 0 ukr d
100 _aСміян Л. С.
700 _aНікітін Ю. В.
700 _aХоменко П. Г.
090 _a347.96(075.8)
_bС50
942 _cBK
040 _aUA-OsUOA
_bukr
_cUA-OsUOA
_dUA-OsUOA
245 _aНотаріат в Україні
_bНавчальний посібник
300 _a632 с.
955 _a2
041 _aukr
080 _a347.96(075.8)
020 _a978-966-373-541-2
260 _aК.
_bКНТ
_c2009
650 7 _a347 Цивільне право. Судовий устрій
_2UDC
999 _c345784
_d345784